|
|
|
|
| LEADER |
00000nam a2200000 a 4500 |
| 001 |
vtls001391596 |
| 003 |
SK-MaSNL |
| 005 |
20260301161622.0 |
| 008 |
160415s1997 xo ab r y 0 slo |
| 015 |
|
|
|a SNBE2000/03-01267
|
| 020 |
|
|
|a 8088841062
|
| 035 |
|
|
|a SNK000345878
|
| 040 |
|
|
|a SNK
|b slo
|c SNK
|e AACR2
|
| 041 |
0 |
|
|a slo
|
| 044 |
|
|
|a xo
|c SK
|
| 080 |
|
|
|a 793.31-053.2/.6+784.4.091.4(083.97)
|2 1981
|
| 080 |
|
|
|a 784.4.091.4
|2 1981
|
| 110 |
1 |
|
|a Dulovce (Slovensko).
|b Obecný úrad
|4 aut
|9 87685
|
| 245 |
1 |
|
|a Južnoslovenské detské a mládežnícke folklórne slávnosti Dulovce '97
|c grafická úprava Karol Zemanovič
|
| 260 |
|
|
|a Dulovce
|b Obecný úrad
|c 1997
|
| 300 |
|
|
|a 12 s.
|b fotogr.
|c 21 cm
|
| 500 |
|
|
|a Spoluvydavateľ Miestny odbor MS Dulovce
|
| 500 |
|
|
|a 600 výt.
|
| 611 |
1 |
7 |
|a Južnoslovenské detské a mládežnícke folklórne slávnosti
|n (1. :
|d 1997 :
|c Dulovce, Slovensko)
|x programy podujatí
|2 SNK
|9 96748
|
| 651 |
|
7 |
|a Komárno (Slovensko : okres)
|2 SNK
|9 15954
|
| 655 |
|
7 |
|a programy podujatí
|2 SNK
|9 70446
|
| 700 |
1 |
|
|a Zemanovič, Karol
|4 aut
|9 5196
|
| 710 |
2 |
|
|a Matica slovenská.
|b Miestny odbor Dulovce
|4 vyd
|9 34738
|
| 919 |
|
|
|a 80-88841-06-2
|
| 958 |
|
|
|a TL
|
| 958 |
|
|
|a BQ
|
| 999 |
|
|
|c 810188
|d 812118
|
| 952 |
|
|
|t P60, <03>, [BOOK], {603}
|a SNK
|b SNK
|y PREZ
|7 0
|p 17A0244188
|o snkOSC 20759
|i snkKSP 6416/2000
|0 0
|1 0
|4 0
|d 2000-06-28
|l 0
|r 2005-01-02 00:00:00
|w 2026-02-24
|
| 952 |
|
|
|t P60, <04>, [BOOK], {604}
|a SNK
|b SNK
|y VYP
|7 0
|p 17A0266180
|o snkOSC 20759 D1
|i snkKSP 1130/2001
|0 0
|1 0
|4 0
|d 2001-01-22
|l 0
|r 2005-01-02 00:00:00
|w 2026-02-24
|